History Quiz

Random History or Word Play Quiz

Famous Quotes About 'J' & 'K' Quiz Stats

Quiz Updated Dec 12, 2014

Challenge
Share
Tweet
Embed
Score 0/26 Timer 08:00
6 Plays Today
% Correct
Kitchen
98.1%
Knees
97.7%
Justice
94.4%
Jelly beans
94.2%
Kitten
94%
Knowledge
93.6%
Knot
93.4%
Kind
93.3%
Jockey
93.3%
Joke
93.2%
Journey
92.9%
Jump
92.7%
Juice
92.5%
% Correct
Kite
92.1%
Journalism
92%
Jury
91.8%
Jesus Christ
91.7%
Jogging
90.7%
King
90.3%
Kickboxing
86.7%
Kiss
85.7%
Jazz
85.2%
Jealousy
81.1%
Job
78.7%
Judas
77%
Junk
74%

You're not logged in!

Compare scores with friends on all Sporcle quizzes.
Sign Up with Email
OR
Log In

You Might Also Like...

Show Comments

Extras

Top Quizzes Today


Score Distribution

Your Account Isn't Verified!

In order to create a playlist on Sporcle, you need to verify the email address you used during registration. Go to your Sporcle Settings to finish the process.